000 00745nam a2200289Ia 4500
005 20260324122001.0
008 008 260324s9999 xx 000 0 eng d
020 _a9781849776998
037 _aEBOOK
040 _aCRL
040 _beng
040 _cCRL
041 _2eng
041 _aeng
084 _qCRL
100 _a Deutsche Gesellschaft für Sonnenenergie (DGS)
_91164651
245 0 _aPlanning and Installing Photovoltaic Systems
245 2 _bA Guide for Installers, Architects and Engineers
260 _bTaylor and Francis
260 _c2013
365 _a
365 _b960
856 _uhttp://www.taylorfrancis.com/books/9781849776998
942 _cEBOOK
999 _c1757072
_d1757072